000
00262nam a22001217a 4500
999
_c
12935
_d
12935
020
_a
9789692316910
082
_a
954
100
_a
Dr. Junaid Ahmed
245
_a
India: An Apartheid State
260
_a
Pakistan
_b
AJA
_c
2018
300
_a
454 pages.
942
_c
BK